Normal view
MARC view
- الديانات -- الفقة الاسلامي -- الزواج
Entry Topical Term
001 - CONTROL NUMBER
- control field: 38161
003 - CONTROL NUMBER IDENTIFIER
- control field: JO-AjAnu
005 - DATE AND TIME OF LATEST TRANSACTION
- control field: 20230606080346.0
008 - FIXED-LENGTH DATA ELEMENTS
- fixed length control field: 230606|| aca||aabn | a|a d
040 ## - CATALOGING SOURCE
- Original cataloging agency: JO-AjAnu
- Transcribing agency: JO-AjAnu
150 ## - HEADING--TOPICAL TERM
- Topical term or geographic name entry element: الديانات -- الفقة الاسلامي -- الزواج
670 ## - SOURCE DATA FOUND
- Source citation: Work cat.: (JO-AjAnu)19577: أبو يحيى ، محمد حسن , author 38160, أحكام الزواج في الشريعة الإسلامية : دراسة فقهية مقارنة بقانون الأحوال الشخصية الأردني